000 00351nam a22001337a 4500
082 _a671.52
_bWEL
_cL-24, P-21
245 _aThe Welding Engineer's Pocket Book
250 _a5th ed.
260 _aLondon
_bGeorge Newses Ltd
300 _axii p 278.
_bill
_c15 cm
526 _a0
_b0
_c0
_d671_520000000000000_WEL
650 _aMCE
_9379
942 _2ddc
_cBK
999 _c548886
_d548886